Quiz personnage Star Wars - Statistiques

Statistiques générales
  • Ce quiz a été pris 402 fois
  • Le résultat moyen est 29 sur 100
Statistiques - réponses
Indice Reponse % Correct
Grand Maitre Jedi Yoda
99%
Maitre Jedi Obi-Wan Kenobi
88%
Maitre Jedi Mace Windu
86%
Seigneur Sith Dark Vador
79%
Seigneur Sith Dark Maul
70%
Jedi Luke Skywalker
67%
Wookiee Chewbacca
66%
Chancelier Supreme Palpatine
66%
Pere de Boba Jango Fett
65%
Seigneur Sith Dark Sidious
64%
Pilleuse d'epaves Rey
63%
Senatrice Padme Amidala
62%
Chasseur de Primes Boba Fett
61%
Ancien Stormtrooper Finn
59%
Princesse Leia Organa
59%
Maitre Jedi Qui-Gon Jinn
59%
Supreme Leader Snoke
59%
Grand Contrebandier Han Solo
58%
Commandant Sith Kylo Ren
57%
Droide Astromech R2-D2
57%
Droide de Protocole C-3PO
56%
Maitre Jedi Ki-Adi-Mundi
51%
Gungan Jar Jar Binks
50%
Pilote de la Resistance Poe Dameron
50%
Mere d'Anakin Shmi
50%
Grand Moff Tarkin
49%
Pere adoptif de Leia Bail Organa
47%
Separatiste Comte Dooku
47%
Maitre Jedi Plo Koon
47%
Maitre Jedi Kit Fisto
42%
Droide Astromech BB-8
41%
Pilote et ami de Han Solo Lando Calrissian
41%
General du Premier Ordre Hux
40%
Separatiste General Grievous
37%
Vice-Roi de la Federation du Commerce Nute Gunray
34%
Capitaine des Stormtroopers Phasma
34%
Demi-frere par alliance d'Anakin Owen Lars
33%
Chancelier Supreme Valorum
31%
Padawan Ahsoka Tano
30%
Pilote de Module Sebulba
29%
Il possedait Anakin et sa mere Watto
29%
Chasseur de Primes Greedo
27%
Pere de Jyn Erso Galen Erso
24%
Maitre jedi Aayla Secura
23%
Dirigeantes de l'Alliance Rebelle Mon Mothma
23%
Homme des sables ou Pillard Tusken
23%
Pilote Alliance Rebelle Wedge Antilles
23%
Ewok Wicket
23%
Homme de main de Jabba Bib Fortuna
22%
Capitaine des Clones Capitaine Rex
22%
Commandant des Clones Commandant Cody
22%
Chasseur de Primes Bossk
20%
Commandant de l'Alliance Rebelle Amiral Ackbar
19%
Seigneur Sith Dark Tyrannus
19%
Bete Sauvage Rancor
19%
Humain Aveugle Chirrut Imwe
18%
Rebelle Jyn Erso
18%
Chef Gungan Boss Nass
17%
Premier ministre de Kamino Lama Su
15%
Marcheur Blindee TB-TT
14%
Separatiste Poggle Le Bref
13%
Chasseur de Primes Dengar
12%
Droide de Securite K-2SO
12%
Commercante et Pirate Maz Kanata
12%
Wookiee Tarfful
12%
Gangster Jabba The Hutt
11%
Epoux de Shmi Skywalker Cliegg Lars
10%
Pilleur du Desert Jawa
10%
Vice-Chancelier Mas Amedda
10%
Marcheur d'assaut TR-TT
10%
Separatiste Wat Tambor
10%
Capitaine de l'Alliance Rebelle Cassian Andor
9%
Bete Sauvage Wampa
9%
Ami avec Chirrut Imwe Baze Malbus
8%
Mere adoptive de Leia Breha Organa
8%
Imformateur de Kenobi Dexter Jettster
7%
Maitre Jedi Oppo Rancisis
7%
Gouverneur de Naboo Sio Bibble
7%
Maitre Jedi Stass Allie
7%
Ferrailleur Unkar Plutt
7%
Chasseuse de Prime Zam Wessel
7%
Bouffon de Jabba Salacious Crumb
6%
Reine de Naboo Apailana
4%
Droide de Combat Droideka
4%
Pilote Alliance Rebelle Nien Nunb
4%
Directeur de l'Armee Imperiale Orson Krennic
4%
Alien de la Cantina Ponda Baba
4%
Separatiste San Hill
4%
Apprenti Sith Ventress
4%
Il est seduit par le cote obscur Anakin Sywalker
3%
Pilote de l'Alliance Rebelle Bodhi Rook
2%
Resistant Lor San Tekka
2%
Resistant Saw Gerrera
2%
Commandant Imperial Amiral Ozzel
1%
Soldat Imperiaux Garde Royal
1%
Pirate Sidon Ithano
1%
Senateur Aak Ask
0%
Garde du corp Gregar Typho
0%
Alien de la Cantina Momaw Nadon
0%
Bete Sauvage Rathtar
0%
Aucun quiz correspondant
Distribution des résultats
% des personnes avec chaque résultat
Percentile par nombre de réponses
Votre historique - résultats
Vous n’avez pas pris ce quiz